000 01552cam a22003134a 4500
001 13713038
003 ARRUPE
005 20160316114030.0
008 040908s2005 mnu b 001 0 eng
010 _a 2004021179
020 _a0814630340 (pbk. : alk. paper)
040 _aDLC
_cDLC
_dDLC
042 _apcc
043 _af-ua---
050 0 0 _aBR195.C5
_bK45 2005
082 0 0 _a271/.009/015
_222
100 1 _aKeller, David G. R.,
_d1937-
_922901
245 1 0 _aOasis of wisdom :
_bthe worlds of the Desert Fathers and Mothers /
_cDavid G. R. Keller.
260 _aCollegeville, Minn. :
_bLiturgical Press,
_cc2005.
300 _axxii, 181 p. :
_b1 map ;
_c23 cm.
504 _aIncludes bibliographical references (p. 166-168) and index.
520 _a"Introduces readers to the wisdom of the desert elders in the context of their daily lives, presenting their background (historical, cultural, and religious) and describing the environment of solitude, ascetic disciplines, labor, and interactions with other people that was the source of their wisdom"--Provided by publisher.
650 0 _aSpiritual life
_xChristianity
_xHistory of doctrines
_yEarly church, ca. 30-600.
_922902
650 0 _aDesert Fathers.
_93355
650 0 _aMonastic and religious life of women
_zEgypt
_xHistory
_yEarly church, ca. 30-600.
_922903
906 _a7
_bcbc
_corignew
_d1
_eecip
_f20
_gy-gencatlg
942 _2lcc
_cMONOGRAPH
999 _c124363
_d124363